Designing A Wireless Network (Record no. 34417)
[ view plain ]
| 000 -LEADER | |
|---|---|
| fixed length control field | 00350nam a22001577a 4500 |
| 003 - CONTROL NUMBER IDENTIFIER | |
| control field | OSt |
| 005 - DATE AND TIME OF LATEST TRANSACTION | |
| control field | 20220406095323.0 |
| 008 - FIXED-LENGTH DATA ELEMENTS--GENERAL INFORMATION | |
| fixed length control field | 220406b |||||||| |||| 00| 0 eng d |
| 020 ## - INTERNATIONAL STANDARD BOOK NUMBER | |
| International Standard Book Number | 1928994458 |
| 040 ## - CATALOGING SOURCE | |
| Transcribing agency | HU |
| 082 ## - DEWEY DECIMAL CLASSIFICATION NUMBER | |
| Classification number | 004.6 |
| 100 ## - MAIN ENTRY--PERSONAL NAME | |
| Personal name | Designing |
| 9 (RLIN) | 35265 |
| 245 ## - TITLE STATEMENT | |
| Title | Designing A Wireless Network |
| 300 ## - PHYSICAL DESCRIPTION | |
| Type of unit | 379 |
| 942 ## - ADDED ENTRY ELEMENTS (KOHA) | |
| Source of classification or shelving scheme | Dewey Decimal Classification |
| Koha item type | Books like text book referance book |
| Suppress in OPAC | No |
| Withdrawn status | Lost status | Source of classification or shelving scheme | Damaged status | Not for loan | Home library | Current library | Shelving location | Date acquired | Total Checkouts | Full call number | Barcode | Date last seen | Copy number | Price effective from | Koha item type |
|---|---|---|---|---|---|---|---|---|---|---|---|---|---|---|---|
| Dewey Decimal Classification | IoT Library | IoT Library | General Stacks | 04/06/2022 | 004.6/DES/2002 | IOTL0020310 | 04/06/2022 | 1 | 04/06/2022 | Books like text book referance book | |||||
| Dewey Decimal Classification | IoT Library | IoT Library | General Stacks | 04/06/2022 | 004.6/DES/2002 | IOTL0020311 | 04/06/2022 | 2 | 04/06/2022 | Books like text book referance book | |||||
| Dewey Decimal Classification | IoT Library | IoT Library | General Stacks | 04/06/2022 | 004.6/DES/2002 | IOTL0020312 | 04/06/2022 | 3 | 04/06/2022 | Books like text book referance book | |||||
| Dewey Decimal Classification | IoT Library | IoT Library | General Stacks | 04/06/2022 | 004.6/DES/2002 | IOTL0020313 | 04/06/2022 | 4 | 04/06/2022 | Books like text book referance book | |||||
| Dewey Decimal Classification | IoT Library | IoT Library | General Stacks | 04/06/2022 | 004.6/DES/2002 | IOTL0020314 | 04/06/2022 | 5 | 04/06/2022 | Books like text book referance book |